000 00289nam a2200109Ia 4500
008 200302s9999 xx 000 0 und d
100 _aJanelle Mcculloch
245 _aDream Hotels architectural hideaways
260 _bImages Publishing Group Pvt. Ltd.
260 _c2008
300 _a248 P.,
999 _c3931
_d3931